Didáctica de la lecto - escritura antología primera parte
| Main Authors: | , , |
|---|---|
| Format: | Section = Libro |
| Language: | Undetermined Spanish |
| Published: |
San José, Costa Rica
EUNED
1999
|
| Subjects: |
| LEADER | 00710nam a2200241Ia 4500 | ||
|---|---|---|---|
| 008 | 240829s9999 xx 000 0 und d | ||
| 020 | |a 9977-64-366-0 | ||
| 040 | |a BIBLIOTECA-RUSB/ 372.4 B687 | ||
| 041 | |a spa | ||
| 082 | |a 372.4 B687 | ||
| 100 | 1 | |a Bolaños, Bolivar | |
| 100 | 1 | |b Cambroneio, María Inés | |
| 100 | 1 | |c Vanegas, Aracelly | |
| 245 | 1 | 0 | |a Didáctica de la lecto - escritura antología primera parte |
| 260 | |a San José, Costa Rica |b EUNED |c 1999 | ||
| 300 | |a 264 p. :il. | ||
| 650 | 7 | |a LECTURA - ENSEÑANZA | |
| 650 | 7 | |b ESCRITURA - ENSEÑANZA | |
| 650 | 7 | |c TEORIAS DEL APRENDIZAJE | |
| 650 | 7 | |d METODOS DE ENSEÑANZAS - LECTURA | |
| 942 | |c BK |2 ddc | ||
| 991 | |a TEXTO | ||
| 999 | |c 1148 | ||